000 00482nam a2200193Ia 4500
005 20250423094750.0
008 250422s9999 xx 000 0 und d
020 _a0071124411
050 _aRD 81 .M68/
100 _aMorgan, G. Edward
245 0 _aClinical anesthesiology
250 _a3rd ed.
260 _aNew York
260 _bMcGraw-Hill
260 _c2002
300 _a1042 p
650 _aAnesthesiology. Anesthesia. Anesthetics. Anesthésiologie.
942 _cBK
999 _c28227
_d28227